|
|
|
|
| LEADER |
00000cam a2200000 c 4500 |
| 001 |
027439267 |
| 003 |
DE-627 |
| 005 |
20260206200427.0 |
| 007 |
tu |
| 008 |
860203s1985 gw ||||| 00| ||ger c |
| 015 |
|
|
|a 85,N33,0148
|2 dnb
|
| 015 |
|
|
|a 85,A46,0270
|2 dnb
|
| 016 |
7 |
|
|a 850682630
|2 DE-101
|
| 020 |
|
|
|a 3593334135
|9 3-593-33413-5
|
| 035 |
|
|
|a (DE-627)027439267
|
| 035 |
|
|
|a (DE-603)052159418
|
| 035 |
|
|
|a (DE-576)010076417
|
| 035 |
|
|
|a (DE-599)GBV027439267
|
| 035 |
|
|
|a (OCoLC)15627051
|
| 035 |
|
|
|a (AT-OBV)AC00834735
|
| 035 |
|
|
|a (DE-604)8003795608
|
| 035 |
|
|
|a (DE-H357)his9147
|
| 040 |
|
|
|a DE-627
|b ger
|c DE-627
|e rakwb
|
| 041 |
|
|
|a ger
|
| 044 |
|
|
|c XA-DE
|c XD-US
|
| 082 |
0 |
|
|a 363.20943 POLI
|q OCLC
|
| 084 |
|
|
|a POL 970
|2 sfb
|
| 084 |
|
|
|a POL 977
|2 sfb
|
| 084 |
|
|
|a 20
|2 sdnb
|
| 084 |
|
|
|a PN 356
|2 rvk
|0 (DE-625)rvk/137436:
|
| 084 |
|
|
|a MG 15950
|2 rvk
|0 (DE-625)rvk/122818:12227
|
| 084 |
|
|
|a MS 6850
|2 rvk
|0 (DE-625)rvk/123769:
|
| 084 |
|
|
|a PI 5025
|2 rvk
|0 (DE-625)rvk/136635:
|
| 084 |
|
|
|a PN 355
|2 rvk
|0 (DE-625)rvk/137435:
|
| 084 |
|
|
|a MG 15000
|2 rvk
|0 (DE-625)rvk/122818:12034
|
| 084 |
|
|
|a 88.17
|2 bkl
|
| 090 |
|
|
|a a
|
| 245 |
0 |
4 |
|a Die Polizei in der Bundesrepublik
|c Heiner Busch ...
|
| 264 |
|
1 |
|a Frankfurt/Main [u.a.]
|b Campus-Verl.
|c 1985
|
| 300 |
|
|
|a 508 S.
|b graph. Darst.
|c 24 cm
|
| 336 |
|
|
|a Text
|b txt
|2 rdacontent
|
| 337 |
|
|
|a ohne Hilfsmittel zu benutzen
|b n
|2 rdamedia
|
| 338 |
|
|
|a Band
|b nc
|2 rdacarrier
|
| 500 |
|
|
|a Literaturverz. S. [488] - 505
|
| 505 |
8 |
|
|a Literaturverz. S. [488] - 505
|
| 505 |
8 |
|
|a Literaturverz. S. [488] - 505
|
| 583 |
1 |
|
|a Archivierung/Langzeitarchivierung gewährleistet
|f SLG
|x XA-DE-BW
|z BfZ
|2 pdager
|5 DE-24
|
| 650 |
|
4 |
|a Polizei
|
| 651 |
|
7 |
|0 (DE-588)4011889-7
|0 (DE-627)104732423
|0 (DE-576)208896201
|a Deutschland
|g Bundesrepublik
|2 gnd
|
| 689 |
0 |
0 |
|d g
|0 (DE-588)4011889-7
|0 (DE-627)104732423
|0 (DE-576)208896201
|a Deutschland
|g Bundesrepublik
|2 gnd
|
| 689 |
0 |
1 |
|d s
|0 (DE-588)4046595-0
|0 (DE-627)106197525
|0 (DE-576)209070196
|a Polizei
|2 gnd
|
| 689 |
0 |
|
|5 DE-101
|
| 689 |
1 |
0 |
|d s
|0 (DE-588)4046612-7
|0 (DE-627)106197479
|0 (DE-576)209070269
|a Polizeiorganisation
|2 gnd
|
| 689 |
1 |
|
|5 (DE-627)
|
| 700 |
1 |
|
|a Busch, Heiner
|d 1957-2021
|e Mitarb.
|0 (DE-588)121321770
|0 (DE-627)081229224
|0 (DE-576)160496403
|4 oth
|
| 856 |
4 |
2 |
|u http://d-nb.info/850682630/04
|m B:DE-101
|q application/pdf
|v 20130501
|x Verlag
|3 Inhaltsverzeichnis
|7 1
|
| 889 |
|
|
|w (DE-627)279859295
|
| 935 |
|
|
|i sf
|
| 935 |
|
|
|i Blocktest
|
| 935 |
|
|
|h HEB
|i 0501
|
| 935 |
|
|
|h HEB
|i 0503
|
| 936 |
r |
v |
|a PN 356
|b Monografien
|k Rechtswissenschaft
|k Verwaltungswissenschaften und Verwaltungsrecht
|k Besonderes Verwaltungsrecht
|k Recht der öffentlichen Sicherheit und Ordnung
|k Allgemeines (mehrere Bundesländer insgesamt betreffend)
|k Monografien
|0 (DE-627)1270920332
|0 (DE-625)rvk/137436:
|0 (DE-576)200920332
|
| 936 |
r |
v |
|a MG 15950
|b Sicherheit (Polizei, Geheimdienste, Verfassungsschutz)
|k Politologie
|k Politische Systeme einzelner Länder
|k Europa, Nordamerika
|k Westeuropa, Mitteleuropa
|k Bundesrepublik Deutschland
|k Bundesrepublik Deutschland
|k Einzelne politische Sachgebiete
|k Sicherheit (Polizei, Geheimdienste, Verfassungsschutz)
|0 (DE-627)127148093X
|0 (DE-625)rvk/122818:12227
|0 (DE-576)20148093X
|
| 936 |
r |
v |
|a MS 6850
|b Gericht, Richter, Rechtsprechung, Polizei
|k Soziologie
|k Spezielle Soziologien
|k Rechtssoziologie
|k Gericht, Richter, Rechtsprechung, Polizei
|0 (DE-627)1271441527
|0 (DE-625)rvk/123769:
|0 (DE-576)201441527
|
| 936 |
r |
v |
|a PI 5025
|b Soziologie der juristischen Berufe, Justizsoziologie etc.
|k Rechtswissenschaft
|k Allgemeine Rechtslehre und Rechtstheorie, Rechts- und Staatsphilosophie, Rechtssoziologie
|k Rechtssoziologie, Rechtstatsachenforschung
|k Soziologie der juristischen Berufe, Justizsoziologie etc.
|0 (DE-627)1271266482
|0 (DE-625)rvk/136635:
|0 (DE-576)201266482
|
| 936 |
r |
v |
|a PN 355
|b Gesamtdarstellungen, Kommentare
|k Rechtswissenschaft
|k Verwaltungswissenschaften und Verwaltungsrecht
|k Besonderes Verwaltungsrecht
|k Recht der öffentlichen Sicherheit und Ordnung
|k Allgemeines (mehrere Bundesländer insgesamt betreffend)
|k Gesamtdarstellungen, Kommentare
|0 (DE-627)1271300966
|0 (DE-625)rvk/137435:
|0 (DE-576)201300966
|
| 936 |
r |
v |
|a MG 15000
|b Allgemeines
|k Politologie
|k Politische Systeme einzelner Länder
|k Europa, Nordamerika
|k Westeuropa, Mitteleuropa
|k Bundesrepublik Deutschland
|k Bundesrepublik Deutschland
|k Politisches System (insgesamt)
|k Allgemeines
|0 (DE-627)1271070650
|0 (DE-625)rvk/122818:12034
|0 (DE-576)201070650
|
| 936 |
b |
k |
|a 88.17
|j Ordnungskräfte
|0 (DE-627)10641383X
|
| 936 |
s |
n |
|a m100
|2 mzub
|
| 936 |
s |
n |
|a m200
|2 mzub
|
| 936 |
s |
n |
|a p100
|2 mzub
|
| 938 |
1 |
0 |
|0 (DE-627)1756154864
|0 (DE-615)6607336
|a Polizei
|2 fivt
|
| 951 |
|
|
|a BO
|
| ELC |
|
|
|b 1
|
| LOK |
|
|
|0 000 xxxxxcx a22 zn 4500
|
| LOK |
|
|
|0 001 3210148848
|
| LOK |
|
|
|0 003 DE-627
|
| LOK |
|
|
|0 004 027439267
|
| LOK |
|
|
|0 005 20020607000000
|
| LOK |
|
|
|0 008 930413||||||||||||||||ger|||||||
|
| LOK |
|
|
|0 040
|a DE-21-110
|c DE-627
|d DE-21-110
|
| LOK |
|
|
|0 852
|a DE-21-110
|
| LOK |
|
|
|0 852 1
|c J III 66
|m p
|9 00
|
| LOK |
|
|
|0 935
|a k110
|
| LOK |
|
|
|0 936ln
|a 4.5.1.4
|
| LOK |
|
|
|0 938
|k p
|
| LOK |
|
|
|0 939
|a 13-04-93
|b l01
|
| ORI |
|
|
|a SA-MARC-krimdoka001.raw
|
| SIG |
|
|
|a IFK: J III 66
|
| TIM |
|
|
|a 100019490523_100019901002
|b 1949-05-23 - 1990-10-02
|